Loading...
Current Events/Geography | 1 | 0.00 | 0% | 0% | 0% |
Fine Arts - Classical Music | 6 | 8.33 | 50% | 33% | 0% |
Fine Arts - Other Fine Arts | 4 | 7.50 | 75% | 0% | 0% |
Fine Arts - Visual Fine Arts | 3 | 20.00 | 100% | 67% | 33% |
Geography/Current Events | 1 | 20.00 | 100% | 100% | 0% |
History - American History | 3 | 16.67 | 100% | 67% | 0% |
History - European History | 4 | 12.50 | 100% | 25% | 0% |
History - Other History | 6 | 18.33 | 100% | 67% | 17% |
History - World History | 6 | 18.33 | 100% | 67% | 17% |
Literature - American Literature | 3 | 13.33 | 100% | 33% | 0% |
Literature - British Literature | 4 | 7.50 | 75% | 0% | 0% |
Literature - European Literature | 3 | 13.33 | 100% | 33% | 0% |
Literature - World/Other Literature | 4 | 10.00 | 75% | 0% | 25% |
Mythology | 4 | 17.50 | 100% | 50% | 25% |
Other Academic | 1 | 20.00 | 100% | 0% | 100% |
Philosophy | 3 | 13.33 | 100% | 33% | 0% |
Pop Culture | 1 | 20.00 | 100% | 100% | 0% |
Religion | 5 | 10.00 | 80% | 20% | 0% |
Science - Biology | 3 | 16.67 | 100% | 67% | 0% |
Science - Chemistry | 5 | 12.00 | 100% | 20% | 0% |
Science - Other Science | 5 | 14.00 | 100% | 20% | 20% |
Science - Physics | 3 | 10.00 | 100% | 0% | 0% |
Social Science | 5 | 16.00 | 140% | 20% | 0% |